[Event "Belarus-ch Women 2022"]
[Site "Minsk"]
[Date "2022.01.19"]
[Round "9.3"]
[White "Shaban, Aliaksandra"]
[Black "Norman, Kseniya"]
[Result "1/2-1/2"]
[WhiteElo "1680"]
[BlackElo "1810"]
[Annotator "NA"]
[PlyCount "40"]
[EventDate "2022.01.11"]
[EventType "tourn"]
[EventCountry "BLR"]
[SourceTitle "playchess.com"]
[Source "ChessBase"]
[SourceQuality "1"]
[TimeControl "40/5400+30:1800+30"]

1. d4 {[%emt 0:00:02]} g6 {[%emt 0:00:20]} 2. c4 {[%emt 0:00:06]} Bg7 {[%emt 0:00:06]} 3. Nc3 {[%emt 0:00:03]} c5 {[%emt 0:00:25]} 4. Nf3 {[%emt 0:00:25]} cxd4 {[%emt 0:04:28]} 5. Nxd4 {[%emt 0:00:06]} Nc6 {[%emt 0:00:19]} 6. e3 {[%emt 0:01:09]} Nf6 {[%emt 0:00:54]} 7. Be2 {[%emt 0:01:12]} O-O {[%emt 0:01:29]} 8. O-O {[%emt 0:00:18]} d6 {[%emt 0:01:20]} 9. Bf3 {[%emt 0:01:58]} Ne5 {[%emt 0:05:01]} 10. Be2 {[%emt 0:01:17]} Bd7 {[%emt 0:03:58]} 11. b3 {[%emt 0:01:18]} a6 {[%emt 0:01:09]} 12. Bb2 {[%emt 0:00:18]} Rc8 {[%emt 0:01:32]} 13. Rc1 {[%emt 0:00:18]} Re8 {[%emt 0:18:39]} 14. Qd2 {[%emt 0:03:34]} Qb6 {[%emt 0:13:38]} 15. Rfd1 {[%emt 0:05:09]} Qa7 {[%emt 0:02:28]} 16. h3 {[%emt 0:01:36]} Nc6 {[%emt 0:06:28]} 17. Bf3 {[%emt 0:02:00]} Ne5 {[%emt 0:03:55]} 18. Be2 {[%emt 0:00:45]} Nc6 {[%emt 0:00:08]} 19. Bf3 {[%emt 0:05:34]} Ne5 {[%emt 0:00:09]} 20. Be2 {[%emt 0:00:03]} Nc6 {[%emt 0:00:27]} 1/2-1/2

[Event "Belarus-ch Women 2022"]
[Site "Minsk"]
[Date "2022.01.19"]
[Round "9.4"]
[White "Liashkevich, Lizaveta"]
[Black "Zeliantsova, Kseniya"]
[Result "0-1"]
[WhiteElo "1569"]
[BlackElo "1988"]
[Annotator "ChessBase"]
[PlyCount "80"]
[EventDate "2022.01.11"]
[EventType "tourn"]
[EventCountry "BLR"]
[SourceTitle "playchess.com"]
[Source "ChessBase"]
[SourceQuality "1"]
[TimeControl "40/5400+30:1800+30"]

1. d4 {[%emt 0:00:02]} d6 {[%emt 0:00:12]} 2. c4 {[%emt 0:00:26]} g6 {[%emt 0:00:47]} 3. Nf3 {[%emt 0:01:28]} Bg7 {[%emt 0:00:05]} 4. e4 {[%emt 0:00:45]} Nd7 {[%emt 0:00:19]} 5. Nc3 {[%emt 0:00:24]} e5 {[%emt 0:01:46]} 6. Be2 {[%emt 0:02:07]} Ne7 {[%emt 0:03:40]} 7. dxe5 {[%emt 0:02:26]} dxe5 {[%emt 0:01:54]} 8. h4 {[%emt 0:02:21]} h6 {[%emt 0:04:39]} 9. h5 {[%emt 0:08:22]} g5 {[%emt 0:01:32]} 10. O-O {[%emt 0:00:10]} O-O {[%emt 0:01:01]} 11. Be3 {[%emt 0:01:21]} f5 {[%emt 0:13:56]} 12. exf5 {[%emt 0:01:43]} Nxf5 {[%emt 0:00:20]} 13. Qd2 {[%emt 0:18:05]} c6 {[%emt 0:05:41]} 14. c5 {[%emt 0:08:34]} Qe7 {[%emt 0:07:39]} 15. Bc4+ {[%emt 0:05:53]} Kh8 {[%emt 0:00:28]} 16. Ne4 {[%emt 0:01:11]} Nf6 {[%emt 0:06:40]} 17. Nd6 {[%emt 0:10:46]} Nxh5 {[%emt 0:21:47]} 18. Rfe1 {[%emt 0:17:04]} Be6 {[%emt 0:08:44]} 19. Bxe6 {[%emt 0:01:46]} Qxe6 {[%emt 0:00:09]} 20. Nxb7 {[%emt 0:06:39]} Nxe3 {[%emt 0:03:58]} 21. Rxe3 {[%emt 0:01:54]} Nf4 {[%emt 0:00:11]} 22. Nh2 {[%emt 0:01:52]} Nd5 {[%emt 0:04:11]} 23. Re2 {[%emt 0:01:12]} Qf7 {[%emt 0:03:52]} 24. Nd6 {[%emt 0:00:30]} Qh5 {[%emt 0:00:03]} 25. Rae1 {[%emt 0:01:23]} Rab8 {[%emt 0:01:29]} 26. b3 {[%emt 0:01:34]} Nf4 {[%emt 0:02:20]} 27. Re4 {[%emt 0:00:27]} Ne6 {[%emt 0:01:49]} 28. b4 {[%emt 0:00:54]} Nd4 {[%emt 0:01:21]} 29. Nc4 {[%emt 0:01:29]} Rbd8 {[%emt 0:00:05]} 30. Qb2 {[%emt 0:01:23]} Rf4 {[%emt 0:01:42]} 31. g3 {[%emt 0:01:03]} Rxe4 {[%emt 0:01:04]} 32. Rxe4 {[%emt 0:00:02]} Qh3 {[%emt 0:01:49]} 33. Qc3 {[%emt 0:00:44]} Qf5 {[%emt 0:00:30]} 34. Qe3 {[%emt 0:00:38]} Nc2 {[%emt 0:00:41]} 35. Qe2 {[%emt 0:00:38]} Rd4 {[%emt 0:00:55]} 36. f3 {[%emt 0:00:39]} Nxb4 {[%emt 0:00:30]} 37. a3 {[%emt 0:01:05]} Nd5 {[%emt 0:00:13]} 38. Ng4 {[%emt 0:00:00]} Nc3 {[%emt 0:00:11]} 39. Qe1 {[%emt 0:00:24]} Rd1 {[%emt 0:00:23]} 40. Qxd1 {[%emt 0:00:00]} Nxd1 {[%emt 0:00:00]} 0-1

[Event "Belarus-ch Women 2022"]
[Site "Minsk"]
[Date "2022.01.19"]
[Round "9.5"]
[White "Bendik, Margarita"]
[Black "Ajusheva, Renata"]
[Result "1/2-1/2"]
[WhiteElo "1388"]
[BlackElo "1464"]
[Annotator "NA"]
[PlyCount "70"]
[EventDate "2022.01.11"]
[EventType "tourn"]
[EventCountry "BLR"]
[SourceTitle "playchess.com"]
[Source "ChessBase"]
[SourceQuality "1"]
[TimeControl "40/5400+30:1800+30"]

1. b4 {[%emt 0:00:02]} e5 {[%emt 0:03:30]} 2. Bb2 {[%emt 0:00:08]} d6 {[%emt 0:00:04]} 3. c4 {[%emt 0:01:09]} Nf6 {[%emt 0:00:13]} 4. g3 {[%emt 0:03:52]} g6 {[%emt 0:00:36]} 5. Bg2 {[%emt 0:00:44]} Bg7 {[%emt 0:00:14]} 6. d3 {[%emt 0:01:08]} c6 {[%emt 0:00:26]} 7. Nd2 {[%emt 0:02:33]} h5 {[%emt 0:05:49]} 8. h4 {[%emt 0:01:45]} Nbd7 {[%emt 0:00:14]} 9. Ngf3 {[%emt 0:00:12]} O-O {[%emt 0:00:41]} 10. Qc2 {[%emt 0:01:22]} Ng4 {[%emt 0:00:43]} 11. O-O {[%emt 0:03:20]} Qe7 {[%emt 0:03:05]} 12. a4 {[%emt 0:01:50]} a5 {[%emt 0:02:27]} 13. b5 {[%emt 0:02:17]} c5 {[%emt 0:00:56]} 14. Ne4 {[%emt 0:01:58]} Nb6 {[%emt 0:04:53]} 15. Nc3 {[%emt 0:01:48]} Bf5 {[%emt 0:08:08]} 16. Nd2 {[%emt 0:02:15]} Kh8 {[%emt 0:04:52]} 17. Nd5 {[%emt 0:01:54]} Nxd5 {[%emt 0:00:10]} 18. cxd5 {[%emt 0:00:48]} b6 {[%emt 0:00:13]} 19. Nc4 {[%emt 0:00:20]} Rab8 {[%emt 0:00:22]} 20. Rae1 {[%emt 0:03:54]} Bc8 {[%emt 0:05:31]} 21. e4 {[%emt 0:07:35]} Kh7 {[%emt 0:07:59]} 22. f3 {[%emt 0:00:38]} Nh6 {[%emt 0:00:12]} 23. f4 {[%emt 0:02:39]} Ng4 {[%emt 0:01:29]} 24. Bc3 {[%emt 0:05:43]} f6 {[%emt 0:06:32]} 25. Bd2 {[%emt 0:04:19]} Qd8 {[%emt 0:00:56]} 26. fxe5 {[%emt 0:01:15]} dxe5 {[%emt 0:00:07]} 27. Bf3 {[%emt 0:05:07]} Bd7 {[%emt 0:03:44]} 28. Bxg4 {[%emt 0:01:39]} Bxg4 {[%emt 0:00:11]} 29. Rf2 {[%emt 0:08:11]} Re8 {[%emt 0:00:50]} 30. Kh2 {[%emt 0:03:55]} Rc8 {[%emt 0:03:55]} 31. Be3 {[%emt 0:01:26]} Re7 {[%emt 0:02:02]} 32. Ref1 {[%emt 0:01:05]} Ra7 {[%emt 0:01:01]} 33. Qd2 {[%emt 0:08:13]} Rb7 {[%emt 0:00:47]} 34. Rc1 {[%emt 0:03:15]} Rbb8 {[%emt 0:02:47]} 35. Qe1 {[%emt 0:01:22]} Ra8 {[%emt 0:32:21]} 1/2-1/2